ბათუმის შოთა რუსთაველის სახელმწიფო უნივერსიტეტის ბიბლიოთეკა

სწავლის შედეგებზე მოქმედი სოციალური ფაქტორები საქართველოს უმაღლესი განათლების სისტემაში / (ბიბ.ჩანაწერი № 58600)

000 -ლიდერი
ფიქსირებული სიგრძის საკონტროლო ველი 01038nam a22002057a 4500
003 - საკონტროლო ნომრის იდენტიფიკატორი
საკონტროლო ველი Ge_BSU
005 - ბოლო ოპერაციის თარიღი და დრო
საკონტროლო ველი 20220613102711.0
008 - ფიქსირებული სიგრძის მონაცემთა ელემენტები - ზოგადი ინფორმაცია
ფიქსირებული სიგრძის საკონტროლო ველი 220610s2021 ge ||||| |||| 00| 0 geo d
020 ## - წიგნის საერთაშორისო სტანდარტული ნომერი
International Standard Book Number 9789941331893
041 ## - ენის კოდი
Language code of text/sound track or separate title geo
080 ## - უნივერსალური ათობითი კლასიფიკაციის ინდექსი
Universal Decimal Classification number 378 რ-41
100 ## - მთავარი ჩანაწერი - პიროვნების სახელი
Personal name რემიშვილი, თამარ
9 (RLIN) 14046
245 ## - ცნობა სათაურის შესახებ
Title სწავლის შედეგებზე მოქმედი სოციალური ფაქტორები საქართველოს უმაღლესი განათლების სისტემაში /
Statement of responsibility, etc თამარ რემიშვილი; რედაქტორი მარიამ ღამბაშიძე.
264 ## - წარმოების, გამოცემის, დისტრიბუციის და სხვა ცნობები
გამოცემის, წარმოების, დისტრიბუციის... ადგილი თბილისი:
გამოცემის, წარმოების, დისტრიბუციის... სახელწოდება უნივერსალი,
გამოცემის, წარმოების, დისტრიბუციის... თარიღი 2021.
300 ## - ფიზიკური აღწერა
Extent 171 გვ.:
Other physical details ცხრ.;
Dimensions 20 სმ
504 ## - BIBLIOGRAPHY, ETC. NOTE
Bibliography, etc ბიბლიოგრ. 159-171
653 ## - INDEX TERM--UNCONTROLLED
Uncontrolled term განათლება
700 ## - ADDED ENTRY--PERSONAL NAME
Personal name ღამბაშიძე, მარიამ
Relator term რედაქტორი
9 (RLIN) 14047
942 ## - ADDED ENTRY ELEMENTS (KOHA)
Source of classification or shelving scheme
Koha item type წიგნი
ეგზემპლარები
ჩამოწერის სტატუსი დაკარგული ეგზემპლარის სტატუსი კლასიფიკაციის წყარო ან თაროზე გაწყობის სქემა დაზიანების სტატუსი არ გაიცემა მუდმივი მდებარეობა (დაცვის ადგილი) ამჟამინდელი ადგილსამყოფელი თაროზე განთავსების ადგილი შეძენის თარიღი ღირებულება, შესყიდვის ნორმალური ფასი სრული შენახვის შიფრი შტრიხკოდი ბოლო ოპერაციის თარიღი ეგზემპლარის მიმდევრობითი ნომერი (კეტერი?) ფასის ძალაში შესვლის თარიღი ეგზემპლარის სახეობა საჯარო შენიშვნა
          ბათუმის შოთა რუსთაველის სახელმწიფო უნივერსიტეტის მთავარი ბიბლიოთეკა ბათუმის შოთა რუსთაველის სახელმწიფო უნივერსიტეტის მთავარი ბიბლიოთეკა წიგნსაცავი 2022-06-10 8.00 378 რ-41 62619 2022-06-10 62619 2022-06-10 წიგნი 8 ლ.
          ბათუმის შოთა რუსთაველის სახელმწიფო უნივერსიტეტის მთავარი ბიბლიოთეკა ბათუმის შოთა რუსთაველის სახელმწიფო უნივერსიტეტის მთავარი ბიბლიოთეკა წიგნსაცავი 2022-06-10 8.00 378 რ-41 62620 2022-06-10 62620 2022-06-10 წიგნი 8 ლ.
          ბათუმის შოთა რუსთაველის სახელმწიფო უნივერსიტეტის მთავარი ბიბლიოთეკა ბათუმის შოთა რუსთაველის სახელმწიფო უნივერსიტეტის მთავარი ბიბლიოთეკა წიგნსაცავი 2022-06-10 8.00 378 რ-41 62621 2022-06-10 62621 2022-06-10 წიგნი 8 ლ.